000 00764nam a2200181Ia 4500
008 090630s9999 xx 000 0 und d
082 _b28936
100 _aअनु. ठाकूर अजित.
245 _aमुलांचा संपूर्ण विकास कसा करावा.
_cअनु. ठाकूर अजित.
260 _bवॉव - पुणे.
300 _a168
600 _aअनु. ठाकूर अजित.
630 _aमुलांचा संपूर्ण विकास कसा करावा.
655 _aइतर.
700 _aअनु. ठाकूर अजित.
730 _aमुलांचा संपूर्ण विकास कसा करावा.
942 _cBOOK
999 _c280792
_d280792